| 000 | 00479nam a2200181Ia 4500 | ||
|---|---|---|---|
| 001 | 950 | ||
| 005 | 20260306140556.0 | ||
| 008 | 260306t1996||||xx |||||||||||||| ||spa|| | ||
| 041 | _aESP | ||
| 082 |
_a174.4 _bM41D |
||
| 100 |
_aMelé Carné, Domènec _eAUT |
||
| 245 | 0 |
_aÉtica, en el gobierno de la empresa: _bV Coloquio de ética empresarial y económica |
|
| 260 | _c1996 | ||
| 300 |
_a315 páginas : _c23 cm. |
||
| 650 | _aGEN | ||
| 654 | _aCHU | ||
| 942 |
_cLIB _dJUS _fJUS _2ddc _n |
||
| 999 |
_c950 _d950 |
||